RICS survey writer (Record no. 112376)

MARC details
000 -LEADER
fixed length control field 01154cam a22002655a 4500
001 - CONTROL NUMBER
control field E153099
008 - FIXED-LENGTH DATA ELEMENTS--GENERAL INFORMATION
fixed length control field 110607s2011 xxk f 000 0 eng d
020 ## - INTERNATIONAL STANDARD BOOK NUMBER
International Standard Book Number 9781842196410
035 ## - SYSTEM CONTROL NUMBER
System control number (Sirsi) u153099
041 0# - LANGUAGE CODE
Language code of text/sound track or separate title eng
050 04 - LIBRARY OF CONGRESS CALL NUMBER
Classification number 650.14 $2 18
100 1# - MAIN ENTRY--PERSONAL NAME
Personal name Parnham, Phil
245 00 - TITLE STATEMENT
Title RICS survey writer
Remainder of title sample phrases for the RICS condition report
260 ## - PUBLICATION, DISTRIBUTION, ETC.
Place of publication, distribution, etc. Coventry
Name of publisher, distributor, etc. RICS
Date of publication, distribution, etc. 2011
300 ## - PHYSICAL DESCRIPTION
Extent x, 62p.
Other physical details spiral bound
Dimensions 30cm.
505 2# - FORMATTED CONTENTS NOTE
Formatted contents note Introduction -- Section B, about the inspection -- Section D, about the property -- Section E, outside the property -- Section F, inside of the property -- Section G, services -- Section H, grounds (including shared areas for flats) -- Section I, issues for your legal advisors -- Section J, risks -- Sample report
520 ## - SUMMARY, ETC.
Summary, etc. Provides sample phrases designed to support surveyors who deliver the RICS Condition report. The text can be edited as necessary to produce individual reports.
521 ## - TARGET AUDIENCE NOTE
Target audience note Advanced
590 ## - LOCAL NOTE (RLIN)
Local note KA
650 24 - SUBJECT ADDED ENTRY--TOPICAL TERM
Topical term or geographic name entry element RICS CONDITION REPORT
651 #4 - SUBJECT ADDED ENTRY--GEOGRAPHIC NAME
Geographic name United Kingdom
Chronological subdivision
690 ## - LOCAL SUBJECT ADDED ENTRY--TOPICAL TERM (OCLC, RLIN)
Topical term or geographic name as entry element Building surveying
9 (RLIN) 6225
700 1# - ADDED ENTRY--PERSONAL NAME
Personal name Russen, Larry
Relator term Editor
942 ## - ADDED ENTRY ELEMENTS (KOHA)
Suppress in OPAC 0
Holdings
Withdrawn status Lost status Source of classification or shelving scheme Damaged status Not for loan Home library Current library Shelving location Date acquired Total Checkouts Full call number Barcode Date last seen Copy number Price effective from Koha item type
    Dewey Decimal Classification     London London RICS Boxes 07/06/2011   RICS 2011/22 30075807 06/08/2019 1 06/08/2019 Archive
    Dewey Decimal Classification     London London RICS Boxes 07/06/2011   RICS 2011/22 30075806 06/08/2019 2 06/08/2019 Book
    Dewey Decimal Classification     London London RICS Boxes 03/08/2017   RICS 2011/22 30078504 06/08/2019 3 06/08/2019 Book